Cinema interval
Αποθηκεύτηκε σε:
| Κύριος συγγραφέας: | |
|---|---|
| Μορφή: | Βιβλίο |
| Γλώσσα: | English |
| Δημοσίευση: |
New York :
Routledge,
1999
|
| Θέματα: | |
| Ετικέτες: |
Προσθήκη ετικέτας
Δεν υπάρχουν, Καταχωρήστε ετικέτα πρώτοι!
|
MARC
| LEADER | 00000nam a2200000 i 4500 | ||
|---|---|---|---|
| 001 | 1/78297 | ||
| 008 | 080321s1999 eng d | ||
| 020 | |a 0-415-92201-1 (pbk) | ||
| 035 | |l 10095696 | ||
| 040 | |a GR-MY-UA |b gre |e aacr | ||
| 041 | 0 | |a eng | |
| 082 | 0 | |a 791.430233092 |2 (22) | |
| 100 | 1 | |a Trinh, T. Minh-Ha |q (Thi Minh-Ha) |d 1952- | |
| 245 | 1 | 0 | |a Cinema interval / |c Trinh T. Minh-Ha |
| 260 | |a New York : |b Routledge, |c 1999 | ||
| 300 | |a xiv, 274 σ.; |b εικ., φωτ.; |c 23 εκ. | ||
| 504 | |a Ευρετήριο: σ. [269]-274 | ||
| 650 | 0 | 0 | |a Motion picture producers and directors |z United States |x Interviews. |
| 650 | 0 | 0 | |a Motion pictures. |
| 852 | |a INST |b LESVOS |e 20080321 |h 791.430233092 TRI |p 005100040560 |q 005100040560 |t BK |y 0 | ||
| 901 | |a BIBL1-2008-1 | ||
| 909 | |a Λ |b 143110 | ||
| 922 | |a 1ΕΛΗ |b 200712 |c ΕΠΕΑΕΚ2/ΤΚΑ |d ΠΑΠΑΣΩΤΗΡΙΟΥ | ||
| 970 | |a ΧΑΤΖΗΜΙΧΑΗΛ |b ΜΑΡΙΑ |z 2008/03/21 | ||